| 000 | 00000nam##2200000za#4500 |
| 001 | 9.697139 |
| 003 | CaOODSP |
| 005 | 20210624235340 |
| 007 | cr ||||||||||| |
| 008 | 150407|2010||||xxc|||||o f|0| 0 eng|d |
| 040 | |aCaOODSP|beng |
| 043 | |an-cn--- |
| 086 | 1 |aT52-4/80-2010E-PDF |
| 110 | 1 |aCanada. |bTransport Canada. |
| 245 | 10|aVFR circuit procedures at uncontrolled aerodromes |h[electronic resource] |
| 260 | |aOttawa - Ontario : |bTransport Canada |c[2010]. |
| 300 | |a1p.|bcoloured figs. |
| 590 | |a13-02-Supp|b2013-01-11 |
| 690 | 07|aAir safety|2gcpds |
| 690 | 07|aAirports|2gcpds |
| 775 | 08|tProcédures d'exécution du circuit VFR aux aérodromes non contrôlés |w(CaOODSP)9.641207 |
| 856 | 40|ahttp://publications.gc.ca|qPDF|s442 KB|uhttps://publications.gc.ca/collections/collection_2013/tc/T52-4-80-2010-eng.pdf |